000 00393pab a2200157 454500
008 180718b2007 xxu||||| |||| 00| 0 eng d
100 _aMukherjee, Dhurjati
245 _aWater crisis and human security: global efforts imperative
260 _c2007
300 _ap.17-19.
362 _aMay
650 _aWater shortage
773 _aKurukshetra (English)
908 _aN
909 _a74026
999 _c74026
_d74026